| 000 | 01250nam0a22002771 4500 | ||
|---|---|---|---|
| 001 | rc\137482 | ||
| 005 | 20260406115255.0 | ||
| 035 | _a(NLR Aleph) 005409974 | ||
| 090 |
_a7363455 _c7363455 |
||
| 100 | _a20030307d1996 |||y0rusy50 ca | ||
| 101 | 0 | _arus | |
| 102 | _aRU | ||
| 105 | _aa ||||||||| | ||
| 200 | 1 |
_aСовременные методы расчета устойчивости земляного полотна железных дорог _f[Соловьев Ю.И., д. т. н., проф., Караулов А.М., Смолин Ю.П.] _gМ-во путей сообщ. РФ, Сиб. гос. акад. путей сообщ. |
|
| 210 |
_aНовосибирск _cИзд-во СГАПС _d1996 |
||
| 215 |
_a82 с. _cил. _d20 |
||
| 320 | _aБиблиогр.: с. 80-81 | ||
| 700 | 1 |
_aСоловьев _bЮ.И. _gЮрий Ипполитович |
|
| 701 | 1 |
_aКараулов _bА.М. _gАлександр Михайлович |
|
| 701 | 1 |
_aСмолин _bЮ.П. _gЮрий Петрович |
|
| 712 | 0 | 2 |
_aСибирская академия путей сообщения _cНовосибирск _3RU\NLR\AUTH\8811542 _9295777 |
| 801 | 0 |
_aRU _bNLR _gpsbo |
|
| 801 | 1 |
_aRU _bELAR _2rusmarc |
|
| 852 |
_aNLR _j96-4/12160 |
||
| 942 | _cBOOK | ||
| 980 | _aNB | ||